000 00974nam a22003137a 4500
003 CHAP
005 20220329133341.0
008 971013s1989 r 00010 d
010 _a5296
011 _a6268
035 _a5488
040 _cCHAP
082 _a664
_bS2 1989
100 0 0 _aScriven, Carl.
_9103425
245 _aFood equipment facts
_b: a handbook for the food service industry
250 _aRev. ed.
260 _aNew York :
_bVan Nostrand Reinhold,
_c1989
300 _a436 p.
500 _a56-252
590 _aBATCH-UPD
_b10
_c20130110
_lUCH01
_h1148
590 _aCONVERSION
_b10
_c20130109
_lUCH01
_h1304
650 1 4 _aAlimentos
_xIndustria.
_94227
650 1 4 _aAlimentos
_xProcesado
_xEquipo.
_94268
700 0 _aStevens, James.
_9109726
901 _aBK
942 _cLIBRO
949 _a664 S2 1989
_bBC
_cLIBRO
_d33724000133385
_eLIBRO
_fc.2
_h84385
_i5488
_si
_t130.00
949 _a664 S2 1989
_bBC
_cLIBRO
_d33724000133393
_eLIBRO
_h13009
_i5488
_si
_t130.00
999 _c5296
_d5296